000 00260nam a2200109Ia 4500
008 200302s9999 xx 000 0 und d
100 _aPam Denicolo
245 _aAchieving impact in research
260 _bSage Publications Inc.
260 _c2014
300 _a166
999 _c7438
_d7438